00531nam a2200181 a 4500001001000000005001700010008004100027020001500068040001800083050002100101100002000122245004200142260003600184300004200220500003200262504002800294650002700322BRCA_219920190320203718.0890526r1989----maua---##b---#001-0#eng-# a0500235554 aDLCcDLCdDLC 4aN6465b.H37 19891 aHaslam, Malcolm10aIn the Nouveau StylecMalcolm Haslam. aLondonbThames and Hudsonc1989 a224 p.bil. (algunas a color)c26 cm. aIncluye índice de nombres aBibliografía : p. 22014aArte nouveauxHistoria